00482nam a2200157 i 450000100060000000300090000600500170001500700030003200800410003524500720007626000340014830000200018250500610020270000300026385200310029364661ES-MaACL20250818042551.0t|040102s1970 sp ||||1| cat d03aLa formació de la Catalunya moderna / cPierre Villar...[et al.]. aBarcelona : bAriel, c[1970] a1 v. ; c22 cm.8 aContiene: V.I: Recerques : historia, economía, cultura1 aVilar, Pierre,d1906-2003 aES-MaACLjP-1735 bR.75133